Piosenki zespołu Weekend - nagła śmierć - Statystyki

Ogólne statystyki
  • Ten quiz został rozwiązany 60 razy
  • Średni wynik to 4 z 8
Answers on the Grid
Answers color-coded by a green-red scale on the quiz's grid according to % correct below.
Ona tańczy dla mnie
Jesteś szalona
Za każdą chwilę z Tobą
Ruda tańczy jak szalona
Majteczki w kropeczki
Niebezpieczna
Mój Aniele
Kocham ten stan
Jesteś za*ebista
Wypijemy popłyniemy
Za miłość mą
Może ze mną zatańczysz
Zwariowałem
Dałem Ci kwiaty
Tylko raz dane
Męska rzeczywistość
 
Statystyki odpowiedzi
Odpowiedź % Poprawnych
Ona tańczy dla mnie
95%
Jesteś za*ebista
67%
Za każdą chwilę z Tobą
64%
Za miłość mą
50%
Mój Aniele
43%
Męska rzeczywistość
36%
Wypijemy popłyniemy
26%
Dałem Ci kwiaty
21%
Nie znaleziono quizów pasujących do podanych kryteriów
Rozkład punktacji
Procent ludzi z każdym wynikiem
Percentyl według liczby udzielonych odpowiedzi
Twoja historia wyników
Nie rozwiązałeś tego quizu